000 00457nam a2200145 4500
999 _c11017
_d11017
008 181004b ||||| |||| 00| 0 eng d
022 _a2094-8042
082 _aDPer 370.105 M72 Jan-Dec 2011 v59-60
100 _931965
_aMayores, Ronelo M.
245 _aChristmas/
_cRonelo M. Mayores.
260 _aPhilippines:
_bIn the Grade School, Inc.,
_cc2011.
300 _av60 n7, page 281:
_billustrations;
_c27cm.
650 0 _931966
_aPoetry.
942 _2ddc
_cPER